header

The history of the Rebellion (Record no. 66312)

MARC details
000 -LEADER
fixed length control field 01860nam a2200421 a 4500
082 04 - DEWEY DECIMAL CLASSIFICATION NUMBER
Classification number 942.06/2
100 1# - MAIN ENTRY--AUTHOR NAME
Personal name Clarendon, Edward Hyde,
245 14 - TITLE STATEMENT
Title The history of the Rebellion
260 ## - PUBLICATION, DISTRIBUTION, ETC. (IMPRINT)
Place of publication Oxford ;
-- New York :
Name of publisher Oxford University Press,
Year of publication 2009.
300 ## - PHYSICAL DESCRIPTION
Number of Pages xxxii, 501 p.
490 1# - SERIES STATEMENT
Series statement Oxford world's classics
500 ## - GENERAL NOTE
General note Includes passages from The life, Clarendon's autobiography.
700 1# - ADDED ENTRY--PERSONAL NAME
Personal name Seaward, Paul.
Personal name Clarendon, Edward Hyde,
856 40 - ELECTRONIC LOCATION AND ACCESS
Uniform Resource Identifier http://site.ebrary.com/lib/rucke/Doc?id=10300117

No items available.

© 2026 Rongo University
Contact us: librarian | system librarian | Rongo university